Responses for Show #1088 - Wednesday, May 3, 1989

Bruce Cox game 4.

Contestants

[<< previous game]

Mark Moral, an Air Force technical sergeant from Fayetteville, North Carolina

Peggy Deschamps, an accountant from Fairfield, California

Bruce Cox, an analyst from Lakeside, California (whose 3-day cash winnings total $36,650)

[next game >>]

Jeopardy! Round responses

GEOGRAPHY
FAMOUS COUPLES
POETRY
THE SENSES
TV DETECTIVES
STUPID "HEAD"s
    $100 3
Mongolia

Peggy
    $100 14
Burt Reynolds

Mark
    $100 26
sonnets

Peggy
    $100 21
(Bruce: What is fleece?)

whiskers

BrucePeggy
    $100 1
Angela Lansbury

Bruce
    $100 9
Meathead

Mark
    $200 4
Greenland

Mark
    $200 15
Phylicia Allen & Ahmad Rashad

Peggy
    $200 27
Samson

Bruce
    $200 22
taste good

Bruce
    $200 2
Ironside

Mark
    $200 12
Jughead

Mark
    $300 5
(Bruce: What is the North Sea?)

English Channel

BrucePeggy
    $300 16
Benny Goodman

Mark
    $300 28
autumn

Triple Stumper
    $300 23
(Alex: Minute to go.)

the sixth sense

Bruce
    $300 8
Columbo

Peggy
    $300 13
chowderhead

Bruce
    $500 6
Morocco

Peggy
    $400 17
(Bruce: Who is Charles Goodson?)

Charles Gibson

Bruce
Triple Stumper
    $400 29
[The end-of-round signal sounds.]

Robert Burns

Mark
    $400 24
Hear Ye!

Bruce
    $400 10
Lee Meriwether

Bruce
    $400 18
Knucklehead

Bruce
    $500 7
(Alex: The Sea of Cortez is the other.)

Gulf of California

Bruce
    $500 20
Ricardo Montalban

Bruce
    $500 25
(Peggy: What is scent?)
...
(Alex: [*] hounds.)

sight

BrucePeggy
    $500 11
Michael Douglas

Bruce
    $500 19
dunderhead

Peggy

Scores at the first commercial break (after clue 15):

Bruce Peggy Mark
$1,500 $1,400 $800

Scores at the end of the Jeopardy! Round:

Bruce Peggy Mark
$3,500 $1,600 $1,500

Double Jeopardy! Round responses

PLAYS
THE '60s
MUSICAL NUMBERS
PUBLISHING
WORLD TRAVEL
NAPOLEON
    $200 26
Noel Coward

Bruce
    $200 1
The Congo (Zaire)

Peggy
    $200 6
8

Bruce
    $200 12
Rupert Murdoch

Bruce
    $200 11
photographs

Bruce
    $200 19
(Alex: That was another way of saying "Island on which Napoleon was born & raised.")

Corsica

Peggy
    $400 27
(Mark: What is "Guys and Dolls?")

"Grease"

PeggyMark
    $400 2
the police

Mark
    $400 7
5

Peggy
    $400 13
(Mark: Who is Barbara Cartland?)

Harlequin

PeggyMark
    $400 14
Devil's Island

Bruce
    $400 20
(Bruce: What is Elba?)
(Peggy: What is Devil's Island?)

St. Helena

BrucePeggyMark
    $600 28
Ireland

Mark
    $1,000 3
Stevie Wonder

Mark
    $600 8
(Peggy: What is 2?)

3

Peggy
Triple Stumper
    $600 15
Spin

Bruce
    $600 18
Tivoli Gardens

Peggy
    $600 21
100

Mark
    $800 29
[The end-of-round signal sounds.]

David Mamet

Bruce
    $800 4
San Francisco

Bruce
    $800 9
2

Peggy
    $500 16
Frank E. Gannett

Bruce
    $800 24
(Peggy: What is Mazatlan?)

Chichen Itza

Peggy
Triple Stumper
    $800 22
England

Triple Stumper
    $1000 5
Eldridge Cleaver

Peggy
    $1000 10
(Alex: A, B, C, D, E, F & G.)

7

Peggy
    $1000 17
(Peggy: Who was Forbes?)

Clarence Barron

Peggy
Triple Stumper
    $1000 25
(Alex: And we've got less than a minute to go.)

Nashville

Bruce
    $1000 23
Jacques-Louis David

Triple Stumper

Scores at the end of the Double Jeopardy! Round:

Bruce Peggy Mark
$8,000 $3,800 $3,700
(lock game)

[wagering suggestions for these scores]

Final Jeopardy! Round responses

HISTORY
MarkWhat is the Magna Carta?
$3,698
PeggyWhat is the Magna
$3,601
BruceWhat is the Magna Carta
$250
Magna Carta

Final scores:

Bruce Peggy Mark
$8,250 $199 $7,398
4-day champion: $44,900 3rd place: DIA recliner chair 2nd place: Trip to Washington, D.C.

Game dynamics:

Coryat scores:

Bruce Peggy Mark
$8,300 $3,700 $3,300
22 R
(including 1 DD),
4 W
17 R
(including 1 DD),
5 W
12 R
(including 1 DD),
2 W

Combined Coryat: $15,300

[game clues] [game scores] [suggest correction]

Game tape date: 1989-01-30
The J! Archive is created by fans, for fans. Scraping, republication, monetization, and malicious use prohibited; this site may use cookies and collect identifying information. See terms. The Jeopardy! game show and all elements thereof, including but not limited to copyright and trademark thereto, are the property of Jeopardy Productions, Inc. and are protected under law. This website is not affiliated with, sponsored by, or operated by Jeopardy Productions, Inc. Join the discussion at JBoard.tv.